00853nam a22001817a 4500003000900000008004100009040007100050082002300121110002600144245006100170260003900231300002800270440003700298505025400335650002600589650001600615700004000631AR-CdUCM190429b ||||| |||| 00| 0 spa d aMUNICIPALIDAD PROVINCIAL DEL CUSCOcBIBLIOTECA MUNICIPAL DEL CUSCO aAlborada/N°1/1980 aC.E.B. Uriel García aAlborada :brevista anual /cTeodoro Seminario, director aCusco.bCEB Uriel García,c1980. a37 páginas. :c33 cm. aAlborada.nN°1, setiembre 1980. aContenido: Dos vidas fecundas y laboriosas que se fueron. Rhina Venero Oblitas.-- Dos dignos maestros en sus bodas de plata. Ana Bertha Elorrieta de Arzubialde.-- El centro educativo base Uriel García y su trayectoria educativa. Darwin Venero. ... aLiteratura cusqueña aEducación aElorrieta de Arzubialde, Ana Bertha